000 01368cam a2200349 a 4500
001 13713037
003 OSt
005 20240626161733.0
008 040218s2003 enk b o000 0 eng d
010 _a 2004445158
020 _a0850927811
035 _a(OCoLC)ocm54786319
040 _aEQO
_cMUST
_dUAB
_dOCLCQ
_dDLC
042 _alccopycat
043 _ab------
050 0 0 _aJN248
_b.M33 2003
082 0 0 _a321.8 MAK 2003
_222
245 0 0 _aMaking democracy work for pro-poor development /
_creport of the Commonwealth Expert Group on Development and Democracy ; Manmohan Singh ... [et al.].
260 _aLondon :
_bCommonwealth Secretariat,
_cc2003.
300 _axix, 107 p. ;
_c24 cm.
504 _aIncludes bibliographical references.
650 0 _aDemocracy
_xEconomic aspects
_zCommonwealth countries.
_918115
650 0 _aDemocratization
_xEconomic aspects
_zCommonwealth countries.
_918116
650 0 _aPoor
_zCommonwealth countries.
_918117
651 0 _aCommonwealth countries
_xEconomic conditions.
_918118
700 0 _aManmohan Singh,
_d1932-
_918119
710 2 _aCommonwealth Expert Group on Development and Democracy.
_918120
710 2 _aCommonwealth Secretariat.
_97533
906 _a7
_bcbc
_ccopycat
_d2
_encip
_f20
_gy-gencatlg
942 _2ddc
_cO_SHELF
999 _c8949
_d8949